[Event "IECC Team FBIM email"]
[Site "UECC email"]
[Date "2000.??.??"]
[Round "1.5"]
[White "Massanet Cruz, John Anthony"]
[Black "Figlio, Gino Franco"]
[Result "0-1"]
[WhiteElo "1400"]
[BlackElo "2261"]
[PlyCount "26"]
[EventDate "2000.03.??"]
[EventType "team (corr)"]
[EventRounds "10"]
[SourceTitle "Corr 2002"]
[Source "ChessBase"]
[SourceDate "2002.05.23"]
[SourceVersion "1"]
[SourceVersionDate "2002.05.23"]
[SourceQuality "1"]

1. c4 c5 2. g3 Nc6 3. Bg2 g6 4. Nc3 Bg7 5. a3 b6 6. e3 Bb7 7. Nge2 Qc8 8. d3 Nf6 9. 0-0 0-0 10. Rb1 e6 11. b4 d6 12. b5 Ne7 13. e4 d5 0-1